Lo que toda mujer debe saber / (Record no. 136643)

MARC details
000 -LEADER
campo de control de longitud fija 00665nam a2200229 i 4500
001 - NÚMERO DE CONTROL
campo de control 136643
003 - IDENTIFICADOR DE NÚMERO DE CONTROL
campo de control ES-MaACL
005 - FECHA Y HORA DE LA ÚLTIMA TRANSACCIÓN
campo de control 20250717094524.0
007 - CAMPO FIJO DE DESCRIPCIÓN FÍSICA--INFORMACIÓN GENERAL
campo de control de longitud fija t|
008 - DATOS DE LONGITUD FIJA--INFORMACIÓN GENERAL
campo de control de longitud fija 070214s1968 sp r ||||1| spa d
080 ## - NÚMERO DE LA CLASIFICACIÓN DECIMAL UNIVERSAL
Número de la Clasificación Decimal Universal 618.1
100 1# - ENTRADA PRINCIPAL--NOMBRE DE PERSONA
Nombre de persona Safford, Henry Barnard.
9 (RLIN) 101394
245 13 - MENCIÓN DEL TÍTULO
Título Lo que toda mujer debe saber /
Mención de responsabilidad, etc. Henry Barnard Safford ; traducción de Ernesto Mascaró.
250 ## - MENCION DE EDICION
Mención de edición 3ª ed.
260 ## - PUBLICACIÓN, DISTRIBUCIÓN, ETC.
Lugar de publicación, distribución, etc. Madrid :
Nombre del editor, distribuidor, etc. Daimon,
Fecha de publicación, distribución, etc. 1968.
300 ## - DESCRIPCIÓN FÍSICA
Extensión 269 p. :
Otras características físicas il. ;
Dimensiones 19 cm.
650 #4 - PUNTO DE ACCESO ADICIONAL DE MATERIA--TÉRMINO DE MATERIA
Término de materia o nombre geográfico como elemento de entrada Ginecología.
9 (RLIN) 13119
650 #7 - PUNTO DE ACCESO ADICIONAL DE MATERIA--TÉRMINO DE MATERIA
Término de materia o nombre geográfico como elemento de entrada Obstetricia
Fuente del encabezamiento o término embne
9 (RLIN) 15676
700 1# - ENTRADA AGREGADA--NOMBRE PERSONAL
Nombre de persona Mascaró, Ernesto.
9 (RLIN) 78682
852 4# - LOCALIZACIÓN
Ubicación ES-MaACL
Número de control de estantería C-51602
Holdings
Estatus retirado Estado de pérdida Estado de daño No para préstamo Biblioteca de origen Biblioteca actual Ubicación en estantería Fecha de adquisición Fuente de adquisición Total de préstamos Signatura topográfica completa Código de barras Visto por última vez Precio de reemplazo Tipo de ítem Koha
        Biblioteca del Ateneo de Madrid Biblioteca del Ateneo de Madrid Depósito 2 17/01/2008     C-51602 1142206 23/02/2023 23/02/2023 Libro impreso